Geografia Austrii, Szwajcarii i Liechtensteinu od A do Z - Statystyki

Ogólne statystyki
  • Ten quiz został rozwiązany 37 razy
  • Średni wynik to 18 z 23
Statystyki odpowiedzi
Litera Pytanie Odpowiedź % Poprawnych
A Jaką nazwę nosi łańcuch górski rozciągający się (między innymi) przez Szwajcarię, Liechtenstein i Austrię? Alpy
100%
B Które miasto jest stolicą Szwajcarii? Berno
100%
C Z jakim krajem Austria graniczy od północnego-zachodu? Czechy
100%
D Jaką nazwę nosi rzeka przepływająca przez austriacką stolicę? Dunaj
100%
E Jaka waluta obowiązuje w Austrii? Euro
100%
F Jaka waluta obowiązuje w Szwajcarii? Frank szwajcarski
100%
W Z jakim krajem Szwajcaria graniczy od południa? Włochy
97%
H Która dynastia najdłużej rządziła Austrią? Habsburgowie
93%
N Jaki język obowiązuje jako urzędowy zarówno w Austrii, Szwajcarii jak i Liechtensteinie? Niemiecki
93%
O Jakie zwierze znajduje się w austriackim herbie? Orzeł
93%
P Bernardyn to pochodząca ze Szwajcarii rasa pociągowa jakiego zwierzęcia? Pies
93%
V Która miasto jest stolicą Liechtensteinu Vaduz
90%
Z Jaką nazwę nosi największe pod względem liczby mieszkańców miasto Szwajcarii? Zurych
90%
I W którym austriackim mieście w 1976 roku odbyły się XII zimowe Igrzyska Olimpijskie? Innsbruck
79%
K Jakie zwierze "wybijające" pełne godziny znajduje się w wielu tradycyjnych szwajcarskich zegarach? Kukułka
76%
S Z jakiego austriackiego miasta pochodził Wolfgang Amadeusz Mozart, jeden z tzw. klasyków wiedeńskich? Salzburg
76%
R Jaka rzeka stanowi naturalną granicę pomiędzy Szwajcarią i Austrią? Ren
72%
J Jaką nazwę nosi charakterystyczny alpejski śpiew? Jodłowanie
69%
T Jaką nazwę nosi kraj związkowy w zachodniej Austrii znajdujący się pomiędzy Niemcami a Włochami? Tyrol
59%
M Jaką nazwę nosi szczyt na pograniczu Szwajcarii i Włoch, którego sylwetka jest często utożsamiana z symbolem góry w ogóle? Matterhorn
38%
G Jaką nazwę nosi najwyższy szczyt Austrii? Grossglockner
31%
L Jaką nazwę nosi rzeka przepływająca przez Zurych? Limmat
7%
U Szwajcaria słynie z banków, jaką nazwę nosi największy szwajcarski bank prywatny? UBS
3%
Nie znaleziono quizów pasujących do podanych kryteriów
Rozkład punktacji
Procent ludzi z każdym wynikiem
Percentyl według liczby udzielonych odpowiedzi
Twoja historia wyników
Nie rozwiązałeś tego quizu